000 00246nam a2200109Ia 4500
999 _c9409
_d9409
020 _a978-8120324909
100 _aNIIT
245 0 _aBasics of Software Project Management
260 _aNew Jersey
_bPrentice Hall
_c1994
300 _a150
942 _cBK